Catálogo
 En Linea

Organización de las tierras dominicanas : (Registro nro. 32153)

Detalles MARC
000 -CABECERA
campo de control de longitud fija 00482nam a2200145 a 4500
001 - NÚMERO DE CONTROL
campo de control 000032662
005 - FECHA Y HORA DE LA ÚLTIMA TRANSACCIÓN
campo de control 20200930065749.0
008 - DATOS DE LONGITUD FIJA--INFORMACIÓN GENERAL
campo de control de longitud fija 110725s1951 dr 000 0 spa d
040 ## - FUENTE DE LA CATALOGACIÓN
Centro catalogador/agencia de origen DO-SdBNP
Lengua de catalogación spa
Centro/agencia transcriptor BNPHU
049 ## - FONDOS LOCALES (OCLC)
Fondos de biblioteca BNPD
100 1# - ENTRADA PRINCIPAL--NOMBRE DE PERSONA
Nombre de persona Llverías Arredondo, Federico
9 (RLIN) 58545
245 10 - MENCIÓN DE TÍTULO
Título Organización de las tierras dominicanas :
Resto del título su posible adaptación en el Paraguay /
Mención de responsabilidad, etc. Federico Llaverías Arredondo.
260 ## - PUBLICACIÓN, DISTRIBUCIÓN, ETC.
-- Santo Domingo :
Nombre del editor, distribuidor, etc. [s.n.],
Fecha de publicación, distribución, etc. 1951.
300 ## - DESCRIPCIÓN FÍSICA
Extensión 19 p. ;
Dimensiones 23 cm.
Existencias
Estado de retiro Estado de pérdida Restricciones de uso No para préstamo Código de colección Localización permanente Ubicación/localización actual Ubicación en estantería Fecha de adquisición Número de inventario Total de préstamos Signatura topográfica completa Código de barras Fecha visto por última vez Precio válido a partir de Tipo de ítem Koha
      Excluido de préstamo Raros y valiosos Patrimonio Dominicano Patrimonio Dominicano En catalogación 25.07.2011 LF1   32662-10 25.06.2020 25.06.2020 No se presta

Con tecnología Koha